Anámnesis : revista de teología : año IX, número 2, julio-diciembre 1999 /

में बचाया:
ग्रंथसूची विवरण
अन्य लेखक: Chico Sánchez, Gabriel (dirección) (dirección)
स्वरूप: पुस्तक
भाषा:स्पेनिश
प्रकाशित: México : Orden de Predicadores, Centro de Estudios de la Provincia de Santiago de México, 1999
टैग: टैग जोड़ें
कोई टैग नहीं, इस रिकॉर्ड को टैग करने वाले पहले व्यक्ति बनें!

MARC

LEADER 00000nam^a2200000^a^4500
001 000449878
005 20250521000000.0
009 20260310123733.264
037 |a Acervo Xavier Clavigero 
041 |a ESP 
091 |a FCA. 03080 
245 0 0 |a Anámnesis :  |b revista de teología : año IX, número 2, julio-diciembre 1999 / 
264 1 |a México :  |b Orden de Predicadores, Centro de Estudios de la Provincia de Santiago de México,  |c 1999 
300 |a 223 p. 
336 |a texto  |b txt  |2 rdacontenido 
337 |a sin mediación  |b n  |2 rdamedio 
338 |a volumen  |b nc  |2 rdasoporte 
649 |a XX 
700 |a Chico Sánchez, Gabriel  |e (dirección) 
910 |a Fondo Xavier Cacho Vázquez S.J. 
920 |a Impresos - Libros 
930 |a Fondos Especiales 
905 |a 131 
901 |a 0500374169  |b IT2  |c ESP  |i D  |u 20250521 
902 |a https://opac.biblio.iteso.mx/vufind/Record/000449878